000 00754nam a2200205Ia 4500
003 GCL
008 140319s9999 xx 000 0 ara d
040 _aGCL /
_cGCL
082 0 4 _a371.2
_bع ف
100 1 _aعبدالقادر هاشم رمزى
245 1 0 _aفى التفاعل الصفى والادارة المدرسية والاشراف التربوى /
_cعبدالقادر هاشم رمزى
250 _aالاولى
260 _aسوريا :
_bمكتبة الفلاح ،
_c2005
300 _a345 ص ؛
_c24 سم
650 0 4 _aالمدارس - تنظيم وادارة
650 0 4 _aالاشراف التربوى
650 0 4 _aالمدارس الثانوية - الاردن
650 0 4 _aالمدارس - الاشراف
942 _2ddc
_cBK
999 _c7382
_d7382